| 000 | 01272nam a2200301Ia 4500 | ||
|---|---|---|---|
| 001 | ebr10433539 | ||
| 003 | CaPaEBR | ||
| 006 | m u | ||
| 007 | cr cn||||||||| | ||
| 008 | 100707s2009 enka s 000 0 eng d | ||
| 020 | _z9781847194565 | ||
| 020 | _z9781847194572 (ebook) | ||
| 040 |
_aCaPaEBR _cCaPaEBR |
||
| 035 | _a(OCoLC)688623460 | ||
| 050 | 1 | 4 |
_aQA76.76.A65 _bB695 2009eb |
| 100 | 1 | _aBowler, Tim. | |
| 245 | 1 | 0 |
_aSymfony 1.3 web application development _h[electronic resource] : _bdesign, develop, and deploy feature-rich, high-performance PHP web applications using the Symfony framework / _cTim Bowler, Wojciech Bancer. |
| 260 |
_aBirmingham, U.K. : _bPackt Pub., _c2009. |
||
| 300 |
_av, 211 p. : _bill. |
||
| 533 |
_aElectronic reproduction. _bPalo Alto, Calif. : _cebrary, _d2011. _nAvailable via World Wide Web. _nAccess may be limited to ebrary affiliated libraries. |
||
| 630 | 0 | 0 | _aSymfony (Computer program) |
| 650 | 0 | _aApplication software. | |
| 650 | 0 |
_aWeb site development _xComputer programs. |
|
| 655 | 7 |
_aElectronic books. _2local |
|
| 700 | 1 | _aBancer, Wojciech. | |
| 710 | 2 | _aebrary, Inc. | |
| 856 | 4 | 0 |
_uhttp://site.ebrary.com/lib/rucke/Doc?id=10433539 _zAn electronic book accessible through the World Wide Web; click to view |
| 999 |
_c233919 _d233919 |
||